00580naa a2200133 i 45000010005000000030009000050050017000140080039000310400029000700410013000991000165001122450106002777730063003838928KOSZ 00520180410122703.0180312s2010 pl f |000 0 pol cKOSZ 005/HRaKOSZ 005/HR apolbeng1 aPIASKOWSKI, Krzysztof.d1998 - .bPolitechnika Koszalińska - Wydział Inżynierii Lądowej, Środowiska i Geodezji,cKatedra Technologii Wody i Ścieków10aPopłuczyny z uzdatniania wody podziemnej - źródło żelaza odpadowego / cKrzysztof Piaskowski.0 iW :tTechnologia Wody. - g2010, nr 3, s. 26-38x2080-1467